| 000 | 00558nam a2200181Ia 4500 | ||
|---|---|---|---|
| 003 | GCL | ||
| 008 | 140319s9999 xx 000 0 eng d | ||
| 040 |
_aGCL / _cGCL |
||
| 082 | 0 | 4 |
_a933 _bP J |
| 100 | 1 | _aPETERS,F.E | |
| 245 | 1 | 0 |
_aJERUSALEM: THE HOLY CITY IN THE EYES OF CHRONICLERS ,VISITORS, PILGRIMS,AND PROPHETS FORM THE BEGINNINGS OF MODERN TIMES / _cPETERS,F.E |
| 260 |
_a[S.N] : _bPRINCETON UNIVERSITY PRESS ، _c1995 |
||
| 300 | _a656 | ||
| 650 | 0 | 4 | _aPALESTINAN ARABS |
| 650 | 0 | 4 | _aJERUSALEM |
| 650 | 0 | 4 | _aTHE HARAM AL SHARIF |
| 942 |
_2ddc _cBK |
||
| 999 |
_c11824 _d11824 |
||